Lima por dentro y fuera (Record no. 5854)

MARC details
000 -LEADER
campo de control de longitud fija 01219aam a2200337 i 4500
001 - NÚMERO DE CONTROL
campo de control MOR01000005856
005 - FECHA Y HORA DE LA ÚLTIMA TRANSACCIÓN
campo de control 20260331053951.0
007 - CAMPO FIJO DE DESCRIPCIÓN FÍSICA--INFORMACIÓN GENERAL
campo de control de longitud fija ta
008 - DATOS DE LONGITUD FIJA--INFORMACIÓN GENERAL
campo de control de longitud fija 871201s1854 fr a g i 000 1dspa d
035 ## - NÚMERO DE CONTROL DEL SISTEMA
Número de control de sistema 870311
040 ## - FUENTE DE CATALOGACIÓN
Centro catalogador/agencia de origen mxcmmo
Lengua de catalogación spa
Normas de descripción rda
Centro/agencia transcriptor mxcmmo
041 0# - CÓDIGO DE IDIOMA
Código de lengua del texto/banda sonora o título independiente spa
082 04 - NÚMERO DE LA CLASIFICACIÓN DECIMAL DEWEY
Número de clasificación Pe861.2
Número de ítem AYA.l
100 1# - ENTRADA PRINCIPAL--NOMBRE DE PERSONA
Nombre de persona Ayanque, Simón
Término indicativo de función/relación autor
9 (RLIN) 13759
245 10 - MENCIÓN DEL TÍTULO
Título Lima por dentro y fuera
Resto del título : obra jocosa y divertida/
Mención de responsabilidad, etc. la da a luz Simón Ayanque para escarmiento de algunos y entretenimientos de todos
250 ## - MENCION DE EDICION
Mención de edición nueva ed. mejorada, correg. con esmero y adornada con lams. por Ignacio Merino
264 #1 - PRODUCCIÓN, PUBLICACIÓN, DISTRIBUCIÓN, FABRICACIÓN Y COPYRIGHT
Producción, publicación, distribución, fabricación y copyright París :
Nombre del de productor, editor, distribuidor, fabricante Librería Española de A. Mezín,
Fecha de producción, publicación, distribución, fabricación o copyright [1854?]
300 ## - DESCRIPCIÓN FÍSICA
Extensión 224 páginas:
Otras características físicas ilustraciones;
Dimensiones 23 cm
336 ## - TIPO DE CONTENIDO
Término de tipo de contenido texto
Código de tipo de contenido txt
Fuente rdacontent
337 ## - TIPO DE MEDIO
Nombre/término del tipo de medio sin medio
Código del tipo de medio n
Fuente rdamedia
338 ## - TIPO DE SOPORTE
Nombre/término del tipo de soporte volumen
Código del tipo de soporte nc
Fuente rdacarrier
700 1# - ENTRADA AGREGADA--NOMBRE PERSONAL
Nombre de persona Merino, Ignacio
Fechas asociadas al nombre 1817-1876
Término indicativo de función/relación ilustrador
9 (RLIN) 13760
900 ## - ELEMENTOS DE DATOS A LOCAL, LDA (RLIN)
Nombre de persona ALEPH14
Numeración Verónica Silva
Títulos y otros términos asociados al nombre 20061103
Lenguaje de la obra MOR01
-- 1039
900 ## - ELEMENTOS DE DATOS A LOCAL, LDA (RLIN)
Nombre de persona BATCH-UPD
Numeración 00
Títulos y otros términos asociados al nombre 20120323
Lenguaje de la obra MOR01
-- 1728
900 ## - ELEMENTOS DE DATOS A LOCAL, LDA (RLIN)
Nombre de persona BATCH-UPD
Numeración 10
Títulos y otros términos asociados al nombre 20120321
Lenguaje de la obra MOR01
-- 1643
900 ## - ELEMENTOS DE DATOS A LOCAL, LDA (RLIN)
Nombre de persona BATCH
Numeración 00
Títulos y otros términos asociados al nombre 20120322
Lenguaje de la obra MOR01
-- 1707
900 ## - ELEMENTOS DE DATOS A LOCAL, LDA (RLIN)
Nombre de persona DYNIX
Numeración 00
Títulos y otros términos asociados al nombre 20030304
Lenguaje de la obra MOR01
-- 1715
904 ## - ELEMENTOS DE DATOS D LOCAL, LDD (RLIN)
a UPDATE
942 ## - ELEMENTOS DE ENTRADA SECUNDARIOS (KOHA)
Código de la institución [OBSOLETO] BK
901 ## - ELEMENTOS DE DATOS A LOCAL LDA (RLIN)
a batch batch
Holdings
Estatus retirado Estado de pérdida Fuente del sistema de clasificación o colocación Estado de daño Restricciones de uso No para préstamo Colección Biblioteca de origen Biblioteca actual Ubicación en estantería Fecha de adquisición Número de inventario Total de préstamos Signatura topográfica completa Código de barras Visto por última vez Precio de reemplazo Tipo de ítem Koha
    Clasificación Decimal Dewey   En sala   Libros (General) Biblioteca Instituto Mora Biblioteca Instituto Mora Regular 21/06/1994 016628   (G)/Pe861.2 AYA.l 33291000345575 03/09/2024 03/09/2024 Libro